<?xml version='1.0' encoding='UTF-8'?>
  <record xmlns="http://www.loc.gov/MARC21/slim">
    <leader>00000cam a2200000 a 4500</leader>
    <controlfield tag="001">ocm19280801</controlfield>
    <controlfield tag="003">OCoLC</controlfield>
    <controlfield tag="005">20250711082211.9</controlfield>
    <controlfield tag="008">890228s1830    sp            000 0 spa d</controlfield>
    <datafield tag="040" ind1=" " ind2=" ">
      <subfield code="a">MUU</subfield>
      <subfield code="b">eng</subfield>
      <subfield code="c">MUU</subfield>
      <subfield code="d">OCLCQ</subfield>
      <subfield code="d">OCLCO</subfield>
      <subfield code="d">OCLCF</subfield>
      <subfield code="d">OCLCQ</subfield>
      <subfield code="d">OCLCO</subfield>
      <subfield code="d">OCLCL</subfield>
      <subfield code="d">OCLCQ</subfield>
    </datafield>
    <datafield tag="029" ind1="1" ind2=" ">
      <subfield code="a">NLGGC</subfield>
      <subfield code="b">153060271</subfield>
    </datafield>
    <datafield tag="035" ind1=" " ind2=" ">
      <subfield code="a">(OCoLC)19280801</subfield>
    </datafield>
    <datafield tag="050" ind1=" " ind2="4">
      <subfield code="a">PQ6503.A7</subfield>
      <subfield code="b">L5 1830</subfield>
    </datafield>
    <datafield tag="100" ind1="1" ind2=" ">
      <subfield code="a">Arriaza, Juan Bautista,</subfield>
      <subfield code="d">1770-1837.</subfield>
      <subfield code="1">https://id.oclc.org/worldcat/entity/E39PBJbtrwhfwPVPhrcj3TVpyd</subfield>
    </datafield>
    <datafield tag="245" ind1="1" ind2="3">
      <subfield code="a">La lira de Arriaza :</subfield>
      <subfield code="b">en el feliz alumbramiento de la reina Nuestra Señora.</subfield>
    </datafield>
    <datafield tag="260" ind1=" " ind2=" ">
      <subfield code="a">Madrid :</subfield>
      <subfield code="b">En la imprenta Real,</subfield>
      <subfield code="c">1830.</subfield>
    </datafield>
    <datafield tag="300" ind1=" " ind2=" ">
      <subfield code="a">12 pages ;</subfield>
      <subfield code="c">20 cm (8vo)</subfield>
    </datafield>
    <datafield tag="336" ind1=" " ind2=" ">
      <subfield code="a">text</subfield>
      <subfield code="b">txt</subfield>
      <subfield code="2">rdacontent</subfield>
    </datafield>
    <datafield tag="337" ind1=" " ind2=" ">
      <subfield code="a">unmediated</subfield>
      <subfield code="b">n</subfield>
      <subfield code="2">rdamedia</subfield>
    </datafield>
    <datafield tag="338" ind1=" " ind2=" ">
      <subfield code="a">volume</subfield>
      <subfield code="b">nc</subfield>
      <subfield code="2">rdacarrier</subfield>
    </datafield>
    <datafield tag="500" ind1=" " ind2=" ">
      <subfield code="a">Title vignette.</subfield>
    </datafield>
    <datafield tag="500" ind1=" " ind2=" ">
      <subfield code="a">Not listed in Palau y Dulcet.</subfield>
    </datafield>
    <datafield tag="600" ind1="0" ind2="0">
      <subfield code="a">Isabella</subfield>
      <subfield code="b">II,</subfield>
      <subfield code="c">Queen of Spain,</subfield>
      <subfield code="d">1830-1904</subfield>
      <subfield code="x">Birth</subfield>
      <subfield code="v">Poetry.</subfield>
    </datafield>
    <datafield tag="600" ind1="0" ind2="7">
      <subfield code="a">Isabella</subfield>
      <subfield code="b">II,</subfield>
      <subfield code="c">Queen of Spain,</subfield>
      <subfield code="d">1830-1904</subfield>
      <subfield code="2">fast</subfield>
      <subfield code="0">(OCoLC)fst00037647</subfield>
      <subfield code="1">https://id.oclc.org/worldcat/entity/E39PBJd8fmWpGfDVtmQxbHtqcP</subfield>
    </datafield>
    <datafield tag="650" ind1=" " ind2="7">
      <subfield code="a">Birth of a person.</subfield>
      <subfield code="2">fast</subfield>
      <subfield code="0">(OCoLC)fst01185270</subfield>
    </datafield>
    <datafield tag="655" ind1=" " ind2="7">
      <subfield code="a">Poetry.</subfield>
      <subfield code="2">fast</subfield>
      <subfield code="0">(OCoLC)fst01423828</subfield>
    </datafield>
    <datafield tag="740" ind1="0" ind2=" ">
      <subfield code="a">En el feliz alumbramiento de la reina Nuestra Señora.</subfield>
    </datafield>
    <datafield tag="758" ind1=" " ind2=" ">
      <subfield code="i">has work:</subfield>
      <subfield code="a">La lira de Arriaza (Text)</subfield>
      <subfield code="1">https://id.oclc.org/worldcat/entity/E39PCGR9gtxFRWw6rT7DqDRJCP</subfield>
      <subfield code="4">https://id.oclc.org/worldcat/ontology/hasWork</subfield>
    </datafield>
    <datafield tag="936" ind1=" " ind2=" ">
      <subfield code="a">BATCHLOAD</subfield>
    </datafield>
  </record>